000
00271nam a22001217a 4500
020
_a
0-09-906530-4
082
_a
395 CAR'B
100
_a
CARTLANDS, BARBARA
_9
79024
245
_a
BOOK OF ETIQUETTE
260
_a
LONDON
_b
ARROW BOOKS
_c
1972
300
_a
192P
942
_c
BK
999
_c
584097
_d
584097